|
|
|
|
| LEADER |
00000nam a2200000 a 4500 |
| 001 |
vtls001382860 |
| 003 |
SK-MaSNL |
| 005 |
20260301011422.0 |
| 008 |
240314s1993 xo 0 und |
| 035 |
|
|
|a SNK000336923
|
| 040 |
|
|
|a SNK
|b slo
|c SNK
|e AACR2
|
| 044 |
|
|
|a xo
|c SK
|
| 100 |
1 |
|
|a Kováč, Michal,
|d 1930-2023
|4 aut
|9 13813
|
| 245 |
1 |
0 |
|a Stotridsaťročnica Matice Slovenskej a 107.Kultúrne slávnosti v Turčianskom SV.Martine
|
| 260 |
|
|
|a Martin
|b Matica slovenská
|c 1993
|
| 300 |
|
|
|a 31 s.
|
| 999 |
|
|
|c 550821
|d 552751
|
| 952 |
|
|
|t P60, <04>, [BOOK], {604}
|a SNK
|b SNK
|y VYP
|7 0
|p 17A0227141
|o snkOSC 16177 D1
|0 0
|1 0
|4 0
|d 2000-02-15
|l 0
|r 2005-01-02 00:00:00
|w 2026-02-23
|